El Presupuesto nacional para 1975

Uloženo v:
Podrobná bibliografie
Hlavní autor: Arias Sánchez, Oscar
Médium: Text
Vydáno: San José: OFIPLAN
Témata:
Tagy: Přidat tag
Žádné tagy, Buďte první, kdo vytvoří štítek k tomuto záznamu!

MARC

LEADER 00000 a a2200000 04500
001 17760
003
040
090 |a 001800  
100 |a Arias Sánchez, Oscar  
245 |a El Presupuesto nacional para 1975  
260 |a San José:   |b OFIPLAN  
300 |a 40 p.  
650 |a PRESUPUESTO NACIONAL  
999 |c 16509  |d 16509